|
|
|
|
| LEADER |
00000nlm0a2200000 4500 |
| 001 |
643690 |
| 005 |
20240802104429.0 |
| 029 |
1 |
0 |
|a RU
|b 2264888
|c Пат.
|d МПК B 22 F 9/28
|
| 035 |
|
|
|a (RuTPU)RU\TPU\network\8687
|
| 035 |
|
|
|a RU\TPU\network\8685
|
| 039 |
0 |
|
|a RU
|b 2003137349/02
|c 20031224
|
| 090 |
|
|
|a 643690
|
| 100 |
|
|
|a 20150923j20051127k y0rusy50 ca
|
| 101 |
0 |
|
|a rus
|
| 102 |
|
|
|a RU
|
| 105 |
|
|
|a a k 000zy
|
| 135 |
|
|
|a drcn ---uucaa
|
| 181 |
|
0 |
|a i
|
| 182 |
|
0 |
|a b
|
| 200 |
1 |
|
|a Способ получения нанодисперсных порошков оксидов
|f Д. В. Пономарёв, А. И. Пушкарев, Г. Е. Ремнев
|g Научно-исследовательский институт высоких напряжений (НИИВН)
|
| 203 |
|
|
|a Текст
|c электронный
|
| 300 |
|
|
|a опубл. : 27.11.05
|
| 330 |
|
|
|a В предложенном способе, включающем подачу в реактор галогенида металла и восстановителя в газообразных состояниях, обработку смеси газов в объеме реактора энергетическим воздействием, согласно изобретению в реактор до обработки смеси газов подают кислород и инициируют цепной химический процесс импульсным энергетическим воздействием с длительностью не более 10{-5} секунды. Обеспечивается снижение энергоемкости процесса.
|
| 610 |
1 |
|
|a патенты
|
| 610 |
1 |
|
|a труды учёных ТПУ
|
| 610 |
1 |
|
|a электронный ресурс
|
| 610 |
1 |
|
|a изобретения
|
| 610 |
1 |
|
|a оксиды
|
| 610 |
1 |
|
|a наноматериалы
|
| 610 |
1 |
|
|a способы
|
| 610 |
1 |
|
|a получение
|
| 700 |
|
1 |
|a Пономарёв
|b Д. В.
|c физик
|c старший научный сотрудник Томского политехнического университета, кандидат технических наук
|f 1981-
|g Денис Владимирович
|3 (RuTPU)RU\TPU\pers\26570
|
| 701 |
|
1 |
|a Пушкарёв
|b А. И.
|c физик
|c профессор Томского политехнического университета, доктор физико-математических наук
|c старший научный сотрудник НИИ ВН Томского политехнического университета
|f 1954-
|g Александр Иванович
|3 (RuTPU)RU\TPU\pers\26414
|9 12118
|
| 701 |
|
1 |
|a Ремнев
|b Г. Е.
|c физик
|c профессор Томского политехнического университета, доктор технических наук
|f 1948-
|g Геннадий Ефимович
|3 (RuTPU)RU\TPU\pers\22004
|
| 712 |
0 |
2 |
|a Томский политехнический университет (ТПУ)
|b Научно-исследовательский институт высоких напряжений (НИИВН)
|3 (RuTPU)RU\TPU\col\3249
|
| 801 |
|
1 |
|a RU
|b 63413507
|c 20120201
|
| 801 |
|
2 |
|a RU
|b 63413507
|c 20160606
|g RCR
|
| 856 |
4 |
|
|u http://www1.fips.ru/Archive/PAT/2005FULL/2005.11.27/DOC/RUNWC2/000/000/002/264/888/document.pdf
|
| 942 |
|
|
|c CF
|